Score 0/8 Timer 01:00
0 Plays Today
% Correct
Cadence
93%
Razz M'Tazz
89.2%
Hammerlock
83.8%
Claves
78%
Copa
75.7%
Titanic
74.7%
Cubanito
68.8%
Enchufla
60.8%

Today's Daily Dose

Remove Ads.
Support Sporcle.
Get the best of Sporcle when you Go Orange. This ad-free experience offers more features, more stats, and more fun while also helping to support Sporcle. Thank you for becoming a member.

You're not logged in!

Compare scores with friends on all Sporcle quizzes.
OR
Log In

Show Comments

Extras

Top Quizzes Today


Score Distribution

Your Account Isn't Verified!

In order to create a playlist on Sporcle, you need to verify the email address you used during registration. Go to your Sporcle Settings to finish the process.

Report this User

Report this user for behavior that violates our Community Guidelines.

Details: